000 02071nam0a2200421 4500
001 RU\NLR\BIBL_A\022606928
005 20260531093154.0
010 _a978-5-4484-5396-0
_9500
021 _aRU
_bКН-П-25-038184
_9КН-П-25-3736
035 _a(NLR Aleph) 022606928
090 _a13714864
_c13714864
100 _a20250822d2025 km y0rusy50 ca
101 0 _arus
102 _aRU
105 _ay z 000yy
181 0 _ai
_bxxxe
182 0 _an
200 1 _aОт перестройки до Путина. Третья русская смута
_fА. Г. Мосякин
203 _aТекст
_bвизуальный
_cнепосредственный
205 _a2-е изд., испр. и доп.
210 _aМосква
_cВече
_d2025
215 _a377, [6] с.
_d22
225 1 _aGeoПолитика
311 _a1-е изд. кн. вышло под назв. "Третья русская революция. От горбастройки до Путина" (М.: Вече, 2021)
320 _aБиблиогр. в подстроч. примеч.
333 _a12+
451 0 _12001#$aТретья русская революция. От горбастройки до Путина$fА. Г. Мосякин
_1210##$aМосква$cВече$22021
_tТретья русская революция. От горбастройки до Путина
517 1 _aТретья русская смута
607 _aСССР
_xРаспад государства
_91681843
_3RU\NLR\AUTH\661045557
607 _aРоссийская Федерация
_xПолитика и управление
_z1992 - 1999
_92377714
_3RU\NLR\AUTH\661418808
686 1 _aТ3(2)733-31
686 1 _aТ3(2)74-31
700 1 _aМосякин
_bА. Г.
_f1953-
_gАлександр Георгиевич
702 1 _4570
_7ca
_8rus
_aПутин
_bВ. В.
_f1952-
_gВладимир Владимирович
_9124492
_3RU\NLR\AUTH\7714829
942 _cBOOK
980 _aNB